01151nas a2200169 i 4500001001000000003001000010005001700020008004100037040003000078041000800108100004400116245008300160300004600243520056100289650001900850773011200869768714001CO-MdFUSB20220929172535.0220929s2013 ck ||||| |||| 00| 0 spa d bspacCO-MdFUSBdCO-MdFUSB aspa aRosas Zambrano, Irma Alejandra, eautor aVida cristiana desde la carta a los Gálatasc/ Irma Alejandra Rosas Zambrano aNúm 11 (2013), Páginas 79-92c; 24 cm aLa comunidad de los gálatas a la que se dirige San Pablo recoge la dinamica de las primeras comunidades cristianas y expresa algunas realidades a las que se veían enfrentados quienes acogían para sí la vida Jesucristo. Agunos temas, como la conversión, la justificación, el mandamiento del amor y la vivencia del Reino de Dios, centran la atención del Apóstol y de la comunidad de los gálatas. Además, esta carta ha sido objeto de discusión en cuanto a la justificación por parte de los cristianos católicos y la Reforma luterana. 0aVida cristiana0 068226aPontificia Universidad JaverianaoR2118tReflexiones teológicas :w(CO-MdFUSB)768714001x2011-1991